Questions and answers on death and dying
Sábháilte in:
| Príomhchruthaitheoir: | |
|---|---|
| Formáid: | LEABHAR |
| Teanga: | Undetermined |
| Foilsithe / Cruthaithe: |
New York, Estados Unidos
MacMillan
1977
|
| Ábhair: | |
| Clibeanna: |
Cuir clib leis
Níl clibeanna ann, Bí ar an gcéad duine le clib a chur leis an taifead seo!
|
MARC
| LEADER | 00000nam a2200000Ia 4500 | ||
|---|---|---|---|
| 008 | 170316s9999 xx 000 0 und d | ||
| 040 | |a cru BVZT | ||
| 090 | |a 810 K-27q | ||
| 100 | |a Kübler-Ross, Elizabeth | ||
| 245 | |a Questions and answers on death and dying | ||
| 260 | |a New York, Estados Unidos | ||
| 260 | |b MacMillan | ||
| 260 | |c 1977 | ||
| 300 | |a 177 páginas | ||
| 650 | |a LITERATURA ESTADOUNIDENSE | ||
| 999 | |c 5828 |d 5828 | ||
| 942 | |c 15 D |h 810 K-27q |2 z | ||
